000 00745na a2200253 4500
001 18712
003 MIRAKIL
005 20181213155145.0
008 161124b tu 000 0
020 _a9751908019
035 _a18712
040 _aMilas
_btur
_cTR-AnCHP
041 _atur
082 _a354.561858
_bA12s 1993
090 _a354.561858 A12s 1993
100 _aAcar, Muhittin
245 _aSporda Hedefler ve Politikalar (1923-1993)
_cMuhittin Acar
260 _aAnkara
_bDevlet Planlama Teşkilatı
_c1993
300 _a51 s.
_c22 sm
504 _aKaynakça var.
610 _aDevlet Planlama Teşkilatı (DPT)
_bSosyal Planlama Genel Müdürlüğü
651 _aTürkiye
_xspor
_yHedef ve politikalar
942 _2ddc
_cBKS
999 _c7644
_d7644